ARRUPE JESUIT UNIVERSITY

CORONAVIRUS -STOP THE SPREAD - CLEAN,DISINFECT,COVER

Summa theologiae Questions on God (Record no. 755)

MARC details
000 -LEADER
fixed length control field 00692nam a2200253Ia 4500
003 - CONTROL NUMBER IDENTIFIER
control field 0100
008 - FIXED-LENGTH DATA ELEMENTS--GENERAL INFORMATION
fixed length control field 130227s9999 xx 000 0 und d
020 ## - INTERNATIONAL STANDARD BOOK NUMBER
International Standard Book Number 0521528925
040 ## - CATALOGING SOURCE
Transcribing agency ARRUPELIB
050 ## - LIBRARY OF CONGRESS CALL NUMBER
Classification number BT103.T47 2006
100 ## - MAIN ENTRY--PERSONAL NAME
Personal name Thomas Aquinas, St.
245 ## - TITLE STATEMENT
Title Summa theologiae Questions on God
260 ## - PUBLICATION, DISTRIBUTION, ETC. (IMPRINT)
Place of publication, distribution, etc Cambridge
260 ## - PUBLICATION, DISTRIBUTION, ETC. (IMPRINT)
Name of publisher, distributor, etc Cambridge University Press
260 ## - PUBLICATION, DISTRIBUTION, ETC. (IMPRINT)
-- 2006
300 ## - PHYSICAL DESCRIPTION
Extent xli
300 ## - PHYSICAL DESCRIPTION
Other physical details 298p 23cm
440 ## - SERIES STATEMENT/ADDED ENTRY--TITLE
Title Cambridge texts in the history of philosophy
650 ## - SUBJECT ADDED ENTRY--TOPICAL TERM
Topical term following geographic name as entry element Church of England - Sermons
650 ## - SUBJECT ADDED ENTRY--TOPICAL TERM
Location of event Anglican Communion - Sermons
650 ## - SUBJECT ADDED ENTRY--TOPICAL TERM
Active dates Sermons, English
700 ## - ADDED ENTRY--PERSONAL NAME
Personal name Davies, Brian (ed); Leftow, Brian (ed)
942 ## - ADDED ENTRY ELEMENTS (KOHA)
Source of classification or shelving scheme Library of Congress Classification
Koha issues (borrowed), all copies 14
Holdings
Withdrawn status Lost status Source of classification or shelving scheme Damaged status Not for loan Collection code Home library Current library Shelving location Date acquired Total Checkouts Full call number Barcode Date last seen Date last borrowed Copy number Price effective from Koha item type
    Library of Congress Classification     Main Collection ARRUPE LIBRARY ARRUPE LIBRARY   27/02/2013 21 BT103.T47 2006 46401491 09/10/2020 28/08/2019 1 27/02/2013 Monograph ( Printed materials)

 

Arrupe Library. PO Box MP320 Mt Pleasant, Harare, Zimbabwe
263 242 745411|librarian@aju.ac.zw